Statistics for U.S. Cities By Nickname

Click here to take the quiz!

General Stats

  • This quiz has been taken 41 times
  • The average score is 14 of 15

Answer Stats

Nickname City % Correct
The Big AppleNew York City
100%
City of Brotherly LovePhiladelphia
100%
The Windy CityChicago
100%
City of AngelsLos Angeles
100%
Sin CityLas Vegas
98%
The Big EasyNew Orleans
98%
The Golden Gate CitySan Francisco
98%
The Nation's CapitalWashington D.C.
98%
BeantownBoston
95%
Mile High CityDenver
95%
The Motor CityDetroit
95%
Big DDallas
90%
Emerald CitySeattle
85%
Magic CityMiami
68%
America's Finest CitySan Diego
38%

Score Distribution

Percentile by Number Answered

Percent of People with Each Score

Your Score History

You have not taken this quiz